[Event "Bundesliga 0102"]
[Site "Germany"]
[Date "2002.02.02"]
[Round "6.1"]
[White "Van Mil, Johan"]
[Black "Lamprecht, Frank"]
[Result "1-0"]
[WhiteElo "2416"]
[BlackElo "2399"]
[PlyCount "82"]
[EventDate "2001.10.06"]
[EventType "team-tourn"]
[EventRounds "15"]
[EventCountry "GER"]
[SourceTitle "EXT 2003"]
[Source "ChessBase"]
[SourceDate "2002.11.25"]
[SourceVersion "1"]
[SourceVersionDate "2002.11.25"]
[SourceQuality "1"]
[WhiteTeam "Heiligenhaus"]
[BlackTeam "Hamburg Koenigsspringer"]
[WhiteTeamCountry "GER"]
[BlackTeamCountry "GER"]

1. e4 e6 2. d3 d5 3. Nd2 Nf6 4. Ngf3 Nc6 5. c3 e5 6. b4 a6 7. Bb2 Bg4 8. a3 Be7 9. Qc2 0-0 10. h3 Bxf3 11. Nxf3 Re8 12. Be2 Bf8 13. 0-0 g6 14. Rfe1 Bg7 15. Bf1 Qd7 16. a4 dxe4 17. dxe4 h6 18. b5 axb5 19. axb5 Na5 20. c4 Nh7 21. Nxe5 Bxe5 22. Bxe5 Rxe5 23. Qc3 Rae8 24. Red1 Qe7 25. Rxa5 Rxe4 26. Ra7 b6 27. c5 bxc5 28. b6 Rb4 29. bxc7 Rc8 30. Ba6 Ra4 31. Qb3 Rxa6 32. Rxa6 Qxc7 33. Rxg6+ Kf8 34. Rxh6 Kg7 35. Rhd6 c4 36. Qc3+ Kg8 37. Rd7 Qb6 38. Qg3+ Kf8 39. Qa3+ Kg8 40. Qg3+ Kf8 41. Qh4 Qg6 1-0

[Event "Bundesliga 0102"]
[Site "Germany"]
[Date "2002.02.01"]
[Round "5.1"]
[White "Hracek, Zbynek"]
[Black "Lamprecht, Frank"]
[Result "1-0"]
[WhiteElo "2610"]
[BlackElo "2399"]
[PlyCount "65"]
[EventDate "2001.10.06"]
[EventType "team-tourn"]
[EventRounds "15"]
[EventCountry "GER"]
[SourceTitle "EXT 2003"]
[Source "ChessBase"]
[SourceDate "2002.11.25"]
[SourceVersion "1"]
[SourceVersionDate "2002.11.25"]
[SourceQuality "1"]
[WhiteTeam "Werder Bremen"]
[BlackTeam "Hamburg Koenigsspringer"]
[WhiteTeamCountry "GER"]
[BlackTeamCountry "GER"]

1. e4 e6 2. d4 d5 3. Nd2 c5 4. Ngf3 cxd4 5. exd5 Qxd5 6. Bc4 Qd6 7. 0-0 Nf6 8. Re1 Nc6 9. Ne4 Nxe4 10. Rxe4 Qc5 11. Bd3 Be7 12. Nxd4 Nxd4 13. Rxd4 Bf6 14. Rc4 Qd5 15. Qe2 0-0 16. Be4 Qe5 17. c3 g6 18. g3 Rd8 19. a4 Qd6 20. Be3 e5 21. Rb4 Qe7 22. a5 a6 23. Rb6 Rb8 24. Qf3 Bg7 25. h4 h6 26. Rd1 Rxd1+ 27. Qxd1 Bf8 28. Qd5 Kg7 29. Qd2 Kh7 30. h5 Be6 31. Qc2 Qe8 32. hxg6+ fxg6 33. Bxb7 1-0

[Event "Bundesliga 0102"]
[Site "Germany"]
[Date "2001.10.07"]
[Round "2.1"]
[White "Lamprecht, Frank"]
[Black "Khenkin, Igor"]
[Result "1/2-1/2"]
[WhiteElo "2399"]
[BlackElo "2579"]
[PlyCount "94"]
[EventDate "2001.10.06"]
[EventType "team-tourn"]
[EventRounds "15"]
[EventCountry "GER"]
[SourceTitle "EXT 2003"]
[Source "ChessBase"]
[SourceDate "2002.11.25"]
[SourceVersion "1"]
[SourceVersionDate "2002.11.25"]
[SourceQuality "1"]
[WhiteTeam "Hamburg Koenigsspringer"]
[BlackTeam "Tegernsee"]
[WhiteTeamCountry "GER"]
[BlackTeamCountry "GER"]

1. d4 d5 2. c4 e6 3. Nc3 c6 4. e3 Nf6 5. Nf3 Nbd7 6. Qc2 Bd6 7. Be2 0-0 8. 0-0 Re8 9. Rd1 Qe7 10. b3 b6 11. e4 Nxe4 12. Nxe4 dxe4 13. Qxe4 Bb7 14. Bf4 Ba3 15. Ne5 Nxe5 16. dxe5 Bb2 17. Rab1 c5 18. Qe3 Bd4 19. Qh3 Rad8 20. Bd3 f5 21. exf6 gxf6 22. Qg4+ Kh8 23. Bg3 Rg8 24. Qe2 e5 25. Be4 Bc8 26. Kf1 Rg7 27. Bd5 Bg4 28. f3 Be6 29. Bxe6 Qxe6 30. Rd2 Rdg8 31. Rbd1 Qf5 32. Qe4 Qxe4 33. fxe4 Rg4 34. Re2 h5 35. Rd3 h4 36. Be1 Rf4+ 37. Bf2 Rgg4 38. Rf3 Rxe4 39. Rxe4 Rxe4 40. Rxf6 Kg7 41. Rf3 Bxf2 42. Kxf2 a5 43. g3 Rd4 44. Ke2 a4 45. Rf5 hxg3 46. hxg3 e4 47. Ke3 axb3 1/2-1/2

[Event "Tage Sorensen Memorial"]
[Site "Holbak"]
[Date "2001.06.29"]
[Round "7"]
[White "Lamprecht, Frank"]
[Black "Bromann, Thorbjorn"]
[Result "1/2-1/2"]
[WhiteElo "2403"]
[BlackElo "2310"]
[PlyCount "50"]
[EventDate "2001.06.23"]
[EventType "swiss"]
[EventRounds "9"]
[EventCountry "DEN"]
[SourceTitle "EXT 2002"]
[Source "ChessBase"]
[SourceDate "2001.11.25"]
[SourceVersion "1"]
[SourceVersionDate "2001.11.25"]
[SourceQuality "1"]

1. d4 d5 2. c4 Nc6 3. cxd5 Qxd5 4. e3 e5 5. Nc3 Bb4 6. Bd2 Bxc3 7. Bxc3 exd4 8. Ne2 Nf6 9. Nxd4 0-0 10. Nb5 Qg5 11. h4 Qh6 12. Qf3 Bg4 13. Qg3 Rad8 14. Bc4 a6 15. Nxc7 Bc8 16. Qg5 Qxg5 17. hxg5 Ne4 18. 0-0 Nxc3 19. bxc3 Na5 20. Bb3 Nxb3 21. axb3 Rd7 22. Na8 Rd6 23. Nc7 Rd7 24. Na8 Rd6 25. Nc7 Rd7 1/2-1/2